Direct taxes : law & practice : (Record no. 136875)
[ view plain ]
| 000 -LEADER | |
|---|---|
| fixed length control field | 00740nam a2200229 4500 |
| 010 ## - LIBRARY OF CONGRESS CONTROL NUMBER | |
| LC control number | B-008295 |
| 020 ## - INTERNATIONAL STANDARD BOOK NUMBER | |
| International Standard Book Number | 8173281009 |
| 035 ## - SYSTEM CONTROL NUMBER | |
| System control number | B-008295 |
| 037 ## - SOURCE OF ACQUISITION | |
| Source of stock number/acquisition | Cen Lib / Ret |
| 040 ## - CATALOGING SOURCE | |
| Original cataloging agency | DPL |
| Language of cataloging | EN |
| 082 ## - DEWEY DECIMAL CLASSIFICATION NUMBER | |
| Classification number | 343.54052 |
| Item number | BHA |
| 100 ## - MAIN ENTRY--PERSONAL NAME | |
| Personal name | Bhagwati Prasad |
| 245 ## - TITLE STATEMENT | |
| Title | Direct taxes : law & practice : |
| Remainder of title | income tax, wealth tax, gift tas with tax planning/management / |
| Statement of responsibility, etc | by Bhagwati Prasad |
| 250 ## - EDITION STATEMENT | |
| Edition statement | 35th ed |
| 260 ## - PUBLICATION, DISTRIBUTION, ETC. (IMPRINT) | |
| Place of publication, distribution, etc | Delhi |
| Name of publisher, distributor, etc | Wishwa Prakashan |
| Date of publication, distribution, etc | 2000 |
| 270 ## - ADDRESS | |
| Address | 4835/24 Ansari Road, Daryaganj |
| City | New Delhi |
| Postal code | 110021 |
| 300 ## - PHYSICAL DESCRIPTION | |
| Extent | xxxi, 1075p |
| Other physical details | 24cm(Hb) |
| 650 ## - SUBJECT ADDED ENTRY--TOPICAL TERM | |
| Topical term or geographic name as entry element | Taxation -- Law and legislation -- India. |
| 650 ## - SUBJECT ADDED ENTRY--TOPICAL TERM | |
| Topical term or geographic name as entry element | Direct taxation. |
| 650 ## - SUBJECT ADDED ENTRY--TOPICAL TERM | |
| Topical term or geographic name as entry element | Tax planning. |
| 942 ## - ADDED ENTRY ELEMENTS (KOHA) | |
| Source of classification or shelving scheme | Dewey Decimal Classification |
| Koha item type | English Books |
| Classification part | 343.54052 |
| Call number suffix | BHA |
| Withdrawn status | Lost status | Source of classification or shelving scheme | Damaged status | Not for loan | Home library | Current library | Date acquired | Source of acquisition | Total Checkouts | Full call number | Barcode | Date last seen | Copy number | Price effective from | Koha item type |
|---|---|---|---|---|---|---|---|---|---|---|---|---|---|---|---|
| Dewey Decimal Classification | Central Library | Central Library | 11/03/2016 | Cen Lib/Ret | 343.54052 BHA | B-008295 | 11/03/2016 | 1 | 11/03/2016 | English Books |
